000 00591nam a2200217Ia 4500
003 OSt
005 20230627101019.0
008 210423s9999 xx 000 0 und d
040 _cAL
041 _aeng
082 _a374
_223
_bAPEA
100 _aAPEL (Heino);CAMOZZI (Anne)
_9113273
245 _aAdult environmental education 1996-47
260 _bGerman Adult Education Association
_c2021
300 _a179
_bPB
365 _cINR
650 _aAdult Education
_9113274
650 _aEducation
_9113275
906 _a1996-47. ; Adult ; education ; environmental
942 _2ddc
_cBK
999 _c173062
_d173062